000 00530nam a2200217Ia 4500
003 OSt
005 20220928151102.0
006 a|||||r|||| 00| 0
007 ta
008 220927b |||||||| |||| 00| 0 eng d
024 _a112389
037 _cTextual
040 _aSDCL
_cSDCL
_beng
041 _2eng
_aeng
082 _aO-,6M74x, K2
100 _aStein Gertrude
_9514762
245 0 _aSelected writings.
260 _c1962
942 _hO-,6M74x, K2
_cTEXL
_2CC
999 _c848975
_d848975